| 000 | 00000cas 2200000za 4500 |
| 001 | 9.810094 |
| 003 | CaOODSP |
| 005 | 20260408085928 |
| 007 | cr ||||||||||| |
| 008 | 160128c20149999qucar p o f0 b0fre|d |
| 022 | |a2371-1531 |
| 040 | |aCaOODSP|bfre |
| 043 | |an-cn--- |
| 086 | 1 |aEn11-13F-PDF |
| 222 | 0|aCode de pratique pour la gestion environnementale des sels de voirie |
| 245 | 00|aCode de pratique pour la gestion environnementale des sels de voirie |h[ressource électronique]. |
| 246 | 13|aAperçu ... |
| 246 | 13|aSurvol des données déclarées pour ... dans le contexte des cibles nationales |
| 260 | |aGatineau (Québec) : |bEnvironnement et Changement climatique Canada, |c[2016]- |
| 310 | |aAnnuel |
| 362 | 1 |aParaît depuis 2013/2014. |
| 500 | |aPubl. aussi en anglais sous le titre : Code of practice for the environmental management of road salts. |
| 710 | 1 |aCanada. |bEnvironnement et changement climatique Canada. |
| 775 | 08|tCode of practice for the environmental management of road salts |w(CaOODSP)9.810093 |
| 776 | 0#|tCode de pratique pour la gestion environnementale des sels de voirie |w(CaOODSP)9.810102 |